La convulsión globótica : globalización, robótica y el futuro del trabajo /

Detalles Bibliográficos
Autor principal: Baldwin, Richard E. (Autor)
Otros Autores: Soler Chic, Joan (Traductor)
Formato: Electrónico eBook
Lenguaje:español
inglés
Publicado: Barcelona : Antoni Bosch editor, [2019]
Materias:
Acceso en línea:Digitalia Hispánica

MARC

LEADER 00000nam a2200000Ii 4500
001 DIGANBSCH0029
003 NyNyDIG
006 m o d
007 cr |||||||||||
008 240103s2019 sp a ob 001 0 spa d
035 |a (OCoLC)1417821195 
040 |a DGITA  |b eng  |e rda  |e pn  |c DGITA 
020 |a 9788494933196  |q eBook 
020 |z 9788494933189 
041 1 |a spa  |h eng 
050 1 4 |a HD6331 ebook 
082 0 4 |a 331.25  |2 23 
100 1 |a Baldwin, Richard E.,  |e author. 
240 1 0 |a Globotics upheaval.  |l Spanish  |s (Soler Chic) 
245 1 3 |a La convulsión globótica :  |b globalización, robótica y el futuro del trabajo /  |c Richard Baldwin ; traducción de Joan Soler Chic. 
246 3 0 |a Globalización, robótica y el futuro del trabajo 
264 1 |a Barcelona :  |b Antoni Bosch editor,  |c [2019] 
300 |a 1 online resource :  |b illustrations. 
336 |a text  |b txt  |2 rdacontent 
337 |a computer  |b c  |2 rdamedia 
338 |a online resource  |b cr  |2 rdacarrier 
347 |a text file  |2 rdaft 
347 |b EPUB 
504 |a Includes bibliographical references and index. 
588 0 |a Online resource; title from ePub title page (Digitalia, viewed January 3, 2024) 
650 0 |a Employees  |x Effect of technological innovations on. 
650 0 |a Robotics  |x Economic aspects. 
700 1 |a Soler Chic, Joan,  |e translator.  
700 1 |i Translation of:  |a Baldwin, Richard E.  |t Globotics upheaval. 
791 2 |a Digitalia (Firm),  |e distributor. 
793 0 |g Digitalia eBook Collection:  |a Antoni Bosch Editor 
776 0 8 |i Print version:  |a Baldwin, Richard E.  |s Globotics upheaval. Spanish (Soler Chic).  |t Convulsión globótica.  |d Barcelona : Antoni Bosch editor, [2019]  |z 9788494933189 
856 4 0 |3 Digitalia Hispánica  |u https://www.digitaliapublishing.com/a/98760/ 
910 |a Premium collection: 2024